Riadiaci elektro-pneumatický obvod daného výrobného zariadenia

Salvato in:
Dettagli Bibliografici
Autore principale: Jurák, Rastislav (Autore)
Altri autori: Mudriková, Andrea (Relatore della tesi)
Natura: Manoscritto Libro
Lingua:slovacco
Pubblicazione: 2021
Soggetti:
Accesso online:http://is.stuba.sk/zp/portal_zp.pl?podrobnosti=160207
Tags: Aggiungi Tag
Nessun Tag, puoi essere il primo ad aggiungerne!!

MARC

LEADER 00000ntm a22000003a 4500
001 stuzp78413
003 SK-STU
005 20210703210631.6
007 ta
008 150427s2015----xo-----f-mn---000-0-slo-d
040 |a STU  |b slo 
041 0 |a slo 
100 1 |a Jurák, Rastislav  |u 063000  |4 aut  |U MTF Materiálovotechnologická fakulta  |T MTF Ústav výrobných technológií  |X 62805  |U M3000  |Y 83  |7 62805 
242 0 1 |a Control electro-pneumatic circuit of the production equipment  |y eng 
245 1 0 |a Riadiaci elektro-pneumatický obvod daného výrobného zariadenia 
260 |c 2021 
650 4 |a Pneumatické obvody  |2 slo 
650 4 |a elektropneumatické obvody  |2 slo 
650 4 |a Automatizácia  |2 slo 
650 4 |a Automatization  |2 eng 
650 4 |a Pneumatick systems  |2 eng 
650 4 |a Electropneumatic systems  |2 eng 
700 1 |a Mudriková, Andrea  |u 063800  |k Z2  |4 ths  |U MTF Ústav výrobných technológií  |T MTF Katedra výrobných zariadení a systémov  |X 2218  |U M3800  |Y 660  |7 A000002218 
856 4 |u http://is.stuba.sk/zp/portal_zp.pl?podrobnosti=160207 
996 |c M* BP-9098  |l MMSKP  |s P  |a 0  |w stuzp78413_0001